AH International Schools' Libraries

Fish eyes / (Record no. 48601)

MARC details
000 -LEADER
fixed length control field 00351nam a22001217a 4500
008 - FIXED-LENGTH DATA ELEMENTS--GENERAL INFORMATION
fixed length control field 250317b |||||||| |||| 00| 0 eng d
020 ## - INTERNATIONAL STANDARD BOOK NUMBER
International Standard Book Number 9780152280512
100 ## - MAIN ENTRY--PERSONAL NAME
Personal name | Lois Ehlert
9 (RLIN) 86126
245 ## - TITLE STATEMENT
Title Fish eyes /
Statement of responsibility, etc Lois Ehlert
260 ## - PUBLICATION, DISTRIBUTION, ETC. (IMPRINT)
Place of publication, distribution, etc United Stated
Name of publisher, distributor, etc Clarion Books
Date of publication, distribution, etc 1992
300 ## - PHYSICAL DESCRIPTION
Extent 40 p
Other physical details col. ill.
Dimensions 11 x 0.12 x 6.5 inches
942 ## - ADDED ENTRY ELEMENTS (KOHA)
Source of classification or shelving scheme
Koha item type Book
Holdings
Withdrawn status Lost status Source of classification or shelving scheme Damaged status Not for loan Collection code Home library Current library Shelving location Date acquired Full call number Barcode Date last seen Price effective from Koha item type
          Siem Riep Asian Hope Siem Reap Asian Hope Siem Reap Easy Reading 03/17/2025 E EHL 212031 03/17/2025 03/17/2025 Book

For any Logos Library related questions please contact Miss Art at swongnarasuk@asianhope.org.

For any Asian Hope Library related questions please contact Miss Raza at graza@asianhope.org.

Click here to explore our ebooks!

Powered by Koha